000 01118nam1a2200265 i 4500
001 RU\NLR\bibl\516624
005 20260407131111.0
035 _a(NLR Aleph) 000509056
090 _a1221531
_c1221531
100 _a20040504g20039999u y0rusy50 ca
101 0 _arus
102 _aRU
105 _a||||c |||||
200 1 _aТруды Института истории и археологии Уральского отделения РАН...
_eБиблиогр. указ.
_fРос. акад. наук . Ур. отд-ние, Ин-т истории и археологии
210 _aЕкатеринбург
_cИзд-во АМБ
_cИн-т истории и археологии
_d2003
215 _d21
463 0 _1001510267
606 _aАрхеология
_jБиблиография
_yУрал
_91041952
_3RU\NLR\auth\6683426
686 _aТ4(2)я1
710 0 2 _aИнститут истории и археологии
_cЕкатеринбург
_3RU\NLR\AUTH\889982008
_9459967
801 0 _aRU
_bNLR
_c20040504
_gPSBO
801 1 _aRU
_bNLR
_c20040504
852 _aNLR
_jС 2004-1/150
942 _cBOOK